000 01036nam1a2200253 i 4500
001 RU\NLR\BIBL_A\012120851
005 20240921182830.0
035 _a(NLR Aleph) 012120851
090 _a11992198
_c11992198
100 _a20191016d2019 um y0rusy50 ca
101 0 _arus
102 _aRU
105 _a||||z||||||||
200 1 _aВоспитание дошкольников в духе русских культурных традиций
_e[методическое пособие
_eв 2 ч.]
_fО.М. Ельцова
210 _aМосква
_cСфера
_d2019
215 _a20
225 1 _aБиблиотека воспитателя
_v...
606 1 _aДошкольники
_jМетодические пособия
_xВоспитание на традициях русской культуры
_92341851
_3RU\NLR\AUTH\661399740
686 1 _aЧ411.352я8
700 1 _aЕльцова
_bО. М.
_gОльга Михайловна
852 _aNLR
_j2019-3/26385
942 _cBOOK